| 000 | 00641nam a2200133Ia 4500 | ||
|---|---|---|---|
| 008 | 171212s9999 xx 000 0 und d | ||
| 020 | _a9781920942328 | ||
| 100 | _aRosyad, Rifki | ||
| 245 |
_cRosyad, Rifki _aA Quest for True Islam _bA Study of the Islamic Resurgence Movement among the Youth in Bandung, Indonesia |
||
| 260 |
_bANU E Press _c2006 |
||
| 650 | _aReligion | ||
| 650 | _aYouth movement -- Indonesia -- Bandung; Muslim youth -- Indonesia -- Bandung; Muslim converts -- Indonesia -- Bandung; Islam and politics -- Indonesia -- Bandung; Islam and state -- Indonesia -- Bandung | ||
| 856 | _uwww.jstor.org/stable/10.2307/j.ctt24h949 | ||
| 999 |
_c350974 _d350974 |
||